JavaScript : (Record no. 18199)
[ view plain ]
| 000 -LEADER | |
|---|---|
| fixed length control field | 00946cam a22002897a 4500 |
| 001 - CONTROL NUMBER | |
| control field | 16862995 |
| 005 - DATE AND TIME OF LATEST TRANSACTION | |
| control field | 20201128021044.0 |
| 008 - FIXED-LENGTH DATA ELEMENTS--GENERAL INFORMATION | |
| fixed length control field | 110708t2011 cc ko fr 001 0 eng d |
| 010 ## - LIBRARY OF CONGRESS CONTROL NUMBER | |
| LC control number | 2011377767 |
| 020 ## - INTERNATIONAL STANDARD BOOK NUMBER | |
| International Standard Book Number | 9780596805524 (pbk.) |
| 020 ## - INTERNATIONAL STANDARD BOOK NUMBER | |
| International Standard Book Number | 0596805527 (pbk.) |
| 040 ## - CATALOGING SOURCE | |
| Original cataloging agency | UKM |
| Transcribing agency | UKM |
| Modifying agency | YDXCP |
| -- | ABG |
| -- | VP@ |
| -- | BTCTA |
| -- | DLC |
| 082 04 - DEWEY DECIMAL CLASSIFICATION NUMBER | |
| Classification number | 005.2762 |
| Edition number | 22 |
| Item number | FLA |
| 100 1# - MAIN ENTRY--PERSONAL NAME | |
| Personal name | Flanagan, David |
| 9 (RLIN) | 35858 |
| 245 10 - TITLE STATEMENT | |
| Title | JavaScript : |
| Remainder of title | the definitive guide / |
| Statement of responsibility, etc | David Flanagan. |
| 250 ## - EDITION STATEMENT | |
| Edition statement | 6th ed. |
| 260 ## - PUBLICATION, DISTRIBUTION, ETC. (IMPRINT) | |
| Place of publication, distribution, etc | Beijing : |
| Name of publisher, distributor, etc | O'Reilly, |
| Date of publication, distribution, etc | c.2011. |
| 300 ## - PHYSICAL DESCRIPTION | |
| Extent | xvi, 1078 p. : |
| Other physical details | forms, photographs ; |
| Dimensions | 24 cm. |
| 500 ## - GENERAL NOTE | |
| General note | "Covers ECMAScript 5 & HTML5" in Cover. |
| 500 ## - GENERAL NOTE | |
| General note | Index : p. 1019-1078. |
| 650 #0 - SUBJECT ADDED ENTRY--TOPICAL TERM | |
| Topical term or geographic name as entry element | JavaScript (Computer program language) |
| 9 (RLIN) | 3099 |
| 650 #0 - SUBJECT ADDED ENTRY--TOPICAL TERM | |
| Topical term or geographic name as entry element | Web servers |
| 9 (RLIN) | 3383 |
| 650 #0 - SUBJECT ADDED ENTRY--TOPICAL TERM | |
| Topical term or geographic name as entry element | Object-oriented programming (Computer science) |
| 9 (RLIN) | 2658 |
| 653 ## - INDEX TERM--UNCONTROLLED | |
| Resource For college | Informatics and Computer Science |
| Arrived date list | April2014 |
| 655 ## - INDEX TERM--GENRE/FORM | |
| Form subdivision | |
| -- | 34232 |
| 942 ## - ADDED ENTRY ELEMENTS (KOHA) | |
| Source of classification or shelving scheme | Dewey Decimal Classification |
| Call number prefix | 005.2762 FLA |
| Withdrawn status | Item status | Source of classification or shelving scheme | Damaged status | Not for loan | Vendor | Home library | Current library | Shelving location | Date acquired | Source of acquisition | Cost, normal purchase price | Total Checkouts | Full call number | Barcode | Date last seen | Date last borrowed | Cost, replacement price | Koha item type |
|---|---|---|---|---|---|---|---|---|---|---|---|---|---|---|---|---|---|---|
| Dewey Decimal Classification | Baccah | Central Library | Central Library | Lower Floor | 02/04/2014 | 420.00 | 1 | 005.2762 FLA | 000035855 | 11/02/2026 | 17/04/2014 | 525.00 | Book - Borrowing |